000 00747nam a2200253Ia 4500
003 OSt
005 20220918201435.0
006 a|||||r|||| 00| 0
007 ta
008 220917b |||||||| |||| 00| 0 eng d
024 _a93,972
037 _cTextual
040 _aARTS
_cARTS
_beng
041 _2eng
_aeng
082 _aV2.D300, M4
100 _aMakknan Lal
_998801
245 0 _aSettlement history and rise of civilization in Ganga-Yamuna doab
_b From 1500 B C to 300 A D
260 _aDelhi
_bB.R. Publications
_c1984
300 _axii, 364p. illus
_ccm.
500 _aBibliography p323--356; Appendix p257--322
650 _aHISTORY
942 _hV2.D300, M4
_cTEXL
_2CC
999 _c217606
_d217606